Представление документа в формате RUSMARC

ПолеНазваниеЗначение
  Тип записи a
  Библиографический уровень c
001 Контрольный номер RU/SLIB/B/208780622
005 Дата корректировки 20241118111812.0
010 Индекс ISBN __
d Цена 2-50
101 Язык документа 0_
a Язык текста rus
200 Заглавие и сведения об ответственности 1_
a Заглавие Собрание сочинений
e Сведения, относящиеся к заглавию в 4 т.
f Первые сведения об ответственности С. П. Залыгин ; вступ. ст. И. Дедкова
b Общее обозначение материала Текст
i Наименование части Соленая Падь
i Наименование части На Иртыше
h Номер части Т. 1
210 Выходные данные 1_
a Место издания М.
c Издательство Молодая гвардия
d Дата издания 1979
215 Физическое описание __
a Объем 607 с., 1 л. портр.
330 Аннотация __
a Аннотация Действие романа "Соленая Падь" происходит в 1919 г. в Сибири. Повесть "На Иртыше" воскрешает дни коллективизации в сибирской деревне.
606 Тематические рубрики __
a Основная рубрика Художественная литература
z Хронологическая подрубрика 20 в.
y Географическая подрубрика Россия
606 Тематические рубрики __
a Основная рубрика Русская литература XX в. (произведения)
610 Ключевые слова 0_
a Ключевые слова повести; романы; проза; прозаики; писатели; тема крестьянства; тема деревни
686 Индексы других классификаций __
a Классификационный индекс 84(2Рос=Рус)6-4
700 Автор _1
a Фамилия Залыгин
b Имя С. П.
4 Код отношения 070
702 Вторичная интеллектуальная ответственность _1
a Фамилия Дедков
b Имя И.
4 Код отношения Автор предисловия и т.д.
4 Код отношения 080
801 Источник записи _0
a Страна RU
b Организация Муниципальное бюджетное учреждение культуры "Централизованная библиотечная система" г. Сургут (Центральная городская библиотека им. А. С. Пушкина)
g Правила каталогизации КиК/Елгина
801 Источник записи _1
a Страна RU
b Организация Муниципальное бюджетное учреждение культуры "Централизованная библиотечная система" г. Сургут (Центральная городская библиотека им. А. С. Пушкина)
g Правила каталогизации КиК/Елгина
852 Данные о местонахождении __
j Шифр хранения 84(2Рос=Рус)6-4
i Авторский знак З-24
p Инвентарный номер 144094(с); 11380
901 Тип документа 1_
t Тип документа x
969 Тип издания __
a Тип издания сборник
990 Данные о заказе (DOS) __
j Количество экземпляров (DOS) 1; 1
t N записи в КСУ для И/У (DOS) 199101